| 000 | 00894nam a22002297a 4500 | ||
|---|---|---|---|
| 999 |
_c5329 _d5329 |
||
| 003 | AR-CdUCM | ||
| 008 | 190312b ||||| |||| 00| 0 spa d | ||
| 040 |
_aMUNICIPALIDAD PROVINCIAL DEL CUSCO _cBIBLIOTECA MUNICIPAL DEL CUSCO |
||
| 082 |
_a869.9 / _bL22 |
||
| 100 |
_aLanuza, Jose Luis _916101 |
||
| 245 | _aGenio y figura de Lucio V. Mansilla / | ||
| 260 |
_aBuenos Aires : _bUniversitaria, _c1965. |
||
| 300 |
_a191 páginas ; _c18 cm. |
||
| 440 |
_aGenio y figura _n8 _916102 |
||
| 500 | _aDonación familia Nieto | ||
| 505 | _aContenido: Genio y figura -- Recuerdos de infancia y juventud -- Despues de Caseros -- La carrera militar y política -- Santiago Arcos -- Preludios de Martin Ferro -- El problema del indio -- Loa sueños de gloria ... | ||
| 650 |
_aEnsayos _9375 |
||
| 650 |
_aRecuerdos _916103 |
||
| 650 |
_aLucio V. Mansilla _916104 |
||
| 942 |
_2ddc _cLIBROS |
||
| 945 | _aafb | ||